000 00221nam a2200097Ia 4500
008 190216s9999||||xx |||||||||||||| ||und||
100 _aNull
245 0 _aHindi-Naye Dasiya Salam
260 _bSaraswathi Press
942 _cBK
999 _c17995
_d17995